| 000 | 00778cam a22002653a 4500 | ||
|---|---|---|---|
| 001 | 23673 | ||
| 003 | PGUSA | ||
| 005 | 20140828083514.0 | ||
| 008 | 071202s2007||||xxu|||||s|||||000 | eng d | ||
| 040 |
_aPGUSA _beng |
||
| 042 | _adc | ||
| 050 | 4 | _aM | |
| 245 | 1 | 4 |
_aThe St. Gregory Hymnal and Catholic Choir Book _h[electronic resource] |
| 260 |
_bProject Gutenberg, _c2007 |
||
| 506 | _aPublic domain in the USA. | ||
| 516 | _aElectronic text | ||
| 653 | _aCatholic Church -- Hymns | ||
| 653 | _aHymns, Latin | ||
| 653 | _aService books (Music) -- Catholic Church | ||
| 653 | _aHymns, English | ||
| 700 | 1 |
_aMontani, Nicola A. _q(Nicola Aloysius), _d1880-1948 |
|
| 830 | 0 |
_aProject Gutenberg _v23673 |
|
| 856 | 4 | 0 | _uhttp://www.gutenberg.org/ebooks/23673 |
| 942 | _cEB | ||
| 999 |
_c252928 _d252928 |
||